01740nam a22004097a 4500003000500000005001700005008004100022010001000063011001000073035001100083040000900094090001000103100003400113245020400147260003600351300002100387502012400408590003700532590004100569590004100610590004100651590004100692590004200733650006100775650004300836650004000879650003300919650003900952650004700991650002001038901000701058905002401065942001001089949006901099999001701168952014501185CHAP20220329143221.0070327d2006 mx d r 00110 spa d a93439 a94411 a105001 cCHAP aTesis1 aVenosa Duarte, Zandra911873010aEfecto de diferentes niveles de Torula sacaris sobre consumo de alimento, ganancia de peso y conversión alimenticia de cerdos en desarrollo en condiciones de tropico secoc/por Zandra Venosa Duarte aCocula, Gro. :bEl autor,c2006 a35 h. :bcuadros aTesis (Ing. Agr. Zootecnista) -- Colegio Superior Agropecuario del Estado de Guerrero. Centro de Estudios Profesionales aALEPHb10c20130110lUCH01h1517 aBATCH-UPDb10c20130110lUCH01h0525 aBATCH-UPDb10c20130110lUCH01h2158 aBATCH-UPDb10c20130410lUCH01h0205 aBATCH-UPDb10c20130914lUCH01h0233 aCONVERSIONb10c20130109lUCH01h135214aAlimentos y alimentación del ganadoxTrópicos.9434614aGanado porcinoxAlimentación.94532914aGanado porcinoxCrecimiento.94534914aGanado porcinoxPeso.94539614aGanado porcinoxTrópicos.94541314aLevaduras en alimentación animal.96640414aTorula.9114338 aBK aMarco A. Mendoza T. cTESIS aTesisbBCcTESd33724002024371eTS1gDonaciØnh46654i105001sb c93439d93439 00102local4051708TESISaBCbBCcPA_TESISd2019-12-31eDonacionfTESISl0oTesisp33724002024371r2019-12-31 00:00:00w2019-12-31yTESIS